000 00303nam a22001337a 4500
008 170712b xxu||||| |||| 00| 0 eng d
020 _a9780971320321
041 _aeng
080 _21ST
_a038
100 _a23
101 _aFJA
245 _aTHE E-BUSINESS DICTIONARY
_cNEVALAINEN, A
942 _2udc
_cBK
999 _c20364
_d20364